[Event "Eliminacje Miedzywojewodzkie MA-WM C13"]
[Site "Brok"]
[Date "2022.09.12"]
[Round "1.1"]
[White "Maciaga, Jan"]
[Black "Bartodziej, Bartosz"]
[Result "0-1"]
[BlackElo "1940"]
[WhiteElo "1296"]
[LiveChessVersion "1.4.8"]

1. c4 {[%clk 1:30:53]} e5 {[%clk 1:30:51]} 2. Nc3 {[%clk 1:31:19]} Nf6
{[%clk 1:31:15]} 3. g3 {[%clk 1:31:06]} d5 {[%clk 1:31:20]} 4. cxd5
{[%clk 1:31:16]} Nxd5 {[%clk 1:31:46]} 5. Bg2 {[%clk 1:31:41]} Nb6
{[%clk 1:31:43]} 6. Nf3 {[%clk 1:30:42]} Nc6 {[%clk 1:32:02]} 7. O-O
{[%clk 1:26:59]} Be7 {[%clk 1:31:34]} 8. e3 {[%clk 1:22:40]} O-O {[%clk 1:17:01]}
9. d4 {[%clk 1:19:09]} exd4 {[%clk 1:17:21]} 10. Nxd4 {[%clk 1:19:28]} Nxd4
{[%clk 1:15:44]} 11. exd4 {[%clk 1:19:10]} Rb8 {[%clk 1:12:04]} 12. Bf4
{[%clk 1:14:31]} a6 {[%clk 1:04:04]} 13. Rc1 {[%clk 1:09:02]} Bd6
{[%clk 1:01:06]} 14. Bxd6 {[%clk 0:49:08]} Qxd6 {[%clk 1:01:20]} 15. b3
{[%clk 0:46:17]} Bf5 {[%clk 0:49:36]} 16. Qd2 {[%clk 0:36:38]} Rfd8
{[%clk 0:40:31]} 17. Rfd1 {[%clk 0:34:26]} c6 {[%clk 0:34:15]} 18. Ne4
{[%clk 0:23:06]} Bxe4 {[%clk 0:28:49]} 19. Bxe4 {[%clk 0:23:21]} Nd7
{[%clk 0:18:53]} 20. Qa5 {[%clk 0:13:45]} Nf6 {[%clk 0:19:00]} 21. Bg2
{[%clk 0:13:52]} Rd7 {[%clk 0:16:59]} 22. Bh3 {[%clk 0:05:43]} Re7
{[%clk 0:16:43]} 23. Qc5 {[%clk 0:03:44]} Rd8 {[%clk 0:16:44]} 24. Re1
{[%clk 0:00:34]} Rc7 {[%clk 0:08:00]} 25. Rcd1 {[%clk 0:00:37]} Kf8
{[%clk 0:06:11]} 26. Kf1 {[%clk 0:00:32]} Nd5 {[%clk 0:05:32]} 27. a3
{[%clk 0:00:35]} Re7 {[%clk 0:03:02]} 28. Rxe7 {[%clk 0:00:34]} Nxe7
{[%clk 0:03:21]} 29. Re1 {[%clk 0:00:34]} Qc7 {[%clk 0:02:53]} 30. Bg2
{[%clk 0:00:41]} b6 {[%clk 0:02:25]} 31. Qe5 {[%clk 0:00:43]} Qxe5
{[%clk 0:01:34]} 32. dxe5 {[%clk 0:01:08]} Rd3 {[%clk 0:01:29]} 33. Re3
{[%clk 0:00:41]} Rxe3 {[%clk 0:01:58]} 34. fxe3 {[%clk 0:01:03]} Ke8
{[%clk 0:01:27]} 35. Ke2 {[%clk 0:00:34]} Kd7 {[%clk 0:01:27]} 36. Kd3
{[%clk 0:00:35]} Ke6 {[%clk 0:00:36]} 37. Ke4 {[%clk 0:00:44]} Nd5
{[%clk 0:00:37]} 38. Bh3+ {[%clk 0:00:49]} Ke7 {[%clk 0:01:06]} 39. Kd4
{[%clk 0:00:50]} Nc7 {[%clk 0:01:08]} 40. a4 {[%clk 0:00:54]} a5 {[%clk 0:01:20]}
41. Bg2 {[%clk 0:00:32]} Kd7 {[%clk 0:01:13]} 42. Bh3+ {[%clk 0:00:43]} Ne6+
{[%clk 0:01:42]} 43. Ke4 {[%clk 0:00:33]} Ke7 {[%clk 0:01:58]} 44. Bxe6
{[%clk 0:00:32]} Kxe6 {[%clk 0:02:22]} 45. Kd4 {[%clk 0:00:42]} h5
{[%clk 0:02:33]} 46. h3 {[%clk 0:01:06]} Kf5 {[%clk 0:01:58]} 47. e4+
{[%clk 0:00:39]} Ke6 {[%clk 0:02:22]} 48. g4 {[%clk 0:00:53]} hxg4
{[%clk 0:02:40]} 49. hxg4 {[%clk 0:01:20]} g5 {[%clk 0:03:03]} 0-1

[Event "Eliminacje Miedzywojewodzkie MA-WM C13"]
[Site "Brok"]
[Date "2022.09.12"]
[Round "1.2"]
[White "Terkiewicz, Bruno"]
[Black "Rajlich, Vaclav"]
[Result "1-0"]
[BlackElo "1289"]
[WhiteElo "1846"]
[LiveChessVersion "1.4.8"]

1. d4 {[%clk 1:30:52]} Nf6 {[%clk 1:30:56]} 2. c4 {[%clk 1:31:19]} g6
{[%clk 1:31:22]} 3. Nc3 {[%clk 1:31:47]} Bg7 {[%clk 1:31:47]} 4. e4
{[%clk 1:32:13]} d6 {[%clk 1:31:54]} 5. Be2 {[%clk 1:32:34]} O-O {[%clk 1:32:02]}
6. Nf3 {[%clk 1:33:00]} e5 {[%clk 1:31:27]} 7. O-O {[%clk 1:33:24]} Nc6
{[%clk 1:31:35]} 8. d5 {[%clk 1:33:49]} Ne7 {[%clk 1:31:35]} 9. a4
{[%clk 1:33:55]} a5 {[%clk 1:30:43]} 10. Ne1 {[%clk 1:34:13]} Nd7
{[%clk 1:30:11]} 11. Nd3 {[%clk 1:34:30]} f5 {[%clk 1:28:21]} 12. f3
{[%clk 1:34:45]} f4 {[%clk 1:25:58]} 13. b3 {[%clk 1:35:03]} b6 {[%clk 1:24:18]}
14. Ba3 {[%clk 1:35:17]} Nc5 {[%clk 1:24:33]} 15. b4 {[%clk 1:34:39]} axb4
{[%clk 1:24:33]} 16. Bxb4 {[%clk 1:34:59]} g5 {[%clk 1:19:56]} 17. a5
{[%clk 1:31:16]} h5 {[%clk 1:18:02]} 18. Nb5 {[%clk 1:17:08]} Ng6
{[%clk 1:14:46]} 19. axb6 {[%clk 1:04:07]} Rxa1 {[%clk 1:14:29]} 20. Qxa1
{[%clk 1:04:20]} cxb6 {[%clk 1:14:14]} 21. Nxc5 {[%clk 0:57:24]} dxc5
{[%clk 1:11:02]} 22. Be1 {[%clk 0:49:37]} g4 {[%clk 1:09:36]} 23. Qa2
{[%clk 0:42:03]} g3 {[%clk 1:08:11]} 24. hxg3 {[%clk 0:40:18]} Qg5
{[%clk 1:07:57]} 25. Qd2 {[%clk 0:39:29]} h4 {[%clk 1:06:10]} 26. g4
{[%clk 0:38:10]} Qh6 {[%clk 1:05:19]} 27. Nd6 {[%clk 0:34:23]} h3
{[%clk 1:04:21]} 28. Nxc8 {[%clk 0:32:27]} Rxc8 {[%clk 1:04:30]} 29. Bd3
{[%clk 0:30:39]} h2+ {[%clk 1:04:04]} 30. Kh1 {[%clk 0:30:55]} Kf7
{[%clk 1:00:55]} 31. Qb2 {[%clk 0:30:50]} Rb8 {[%clk 0:59:59]} 32. Bf2
{[%clk 0:30:17]} Bf8 {[%clk 0:59:33]} 33. Ra1 {[%clk 0:30:35]} Rb7
{[%clk 0:58:29]} 34. Qb5 {[%clk 0:29:43]} Nh4 {[%clk 0:57:53]} 35. Ra8
{[%clk 0:29:30]} Re7 {[%clk 0:56:37]} 36. Bf1 {[%clk 0:28:47]} Kg8
{[%clk 0:55:37]} 37. Ra6 {[%clk 0:27:40]} Rg7 {[%clk 0:54:45]} 38. Rxb6
{[%clk 0:26:46]} Qg5 {[%clk 0:55:03]} 39. Ra6 {[%clk 0:25:53]} Kh8
{[%clk 0:53:29]} 40. Ra8 {[%clk 0:26:00]} Rg8 {[%clk 0:53:43]} 41. Qe8
{[%clk 0:25:30]} Ng6 {[%clk 0:53:41]} 42. d6 {[%clk 0:25:17]} Rg7
{[%clk 0:53:17]} 43. d7 {[%clk 0:25:05]} 1-0

[Event "Eliminacje Miedzywojewodzkie MA-WM C13"]
[Site "Brok"]
[Date "2022.09.12"]
[Round "1.3"]
[White "Kryston, Aleksander"]
[Black "Dobosiewicz, Dawid"]
[Result "0-1"]
[BlackElo "1730"]
[WhiteElo "1281"]
[LiveChessVersion "1.4.8"]

1. d4 {[%clk 1:30:58]} d5 {[%clk 1:30:56]} 2. Bf4 {[%clk 1:31:24]} Nf6
{[%clk 1:31:14]} 3. e3 {[%clk 1:31:36]} c5 {[%clk 1:31:31]} 4. c3
{[%clk 1:31:56]} Nc6 {[%clk 1:31:56]} 5. Bd3 {[%clk 1:32:10]} Qb6
{[%clk 1:31:48]} 6. Qb3 {[%clk 1:25:00]} c4 {[%clk 1:30:25]} 7. Qxb6
{[%clk 1:25:18]} axb6 {[%clk 1:30:49]} 8. Bc2 {[%clk 1:25:24]} e6
{[%clk 1:30:55]} 9. h3 {[%clk 1:21:06]} b5 {[%clk 1:30:58]} 10. Ne2
{[%clk 1:05:46]} b4 {[%clk 1:30:07]} 11. a3 {[%clk 1:02:06]} b5 {[%clk 1:21:14]}
12. O-O {[%clk 0:54:17]} b3 {[%clk 1:18:40]} 13. Bd1 {[%clk 0:54:33]} Nd7
{[%clk 1:05:26]} 14. Bh2 {[%clk 0:36:48]} Nb6 {[%clk 1:05:32]} 15. Nd2
{[%clk 0:31:03]} f5 {[%clk 1:01:01]} 16. Rb1 {[%clk 0:28:58]} Be7
{[%clk 1:01:05]} 17. Nf3 {[%clk 0:26:44]} Na4 {[%clk 1:00:09]} 18. Ne5
{[%clk 0:23:17]} Nxe5 {[%clk 0:59:17]} 19. Bxe5 {[%clk 0:23:39]} O-O
{[%clk 0:59:14]} 20. Nf4 {[%clk 0:23:27]} Bd7 {[%clk 0:52:22]} 21. Kh1
{[%clk 0:20:03]} g5 {[%clk 0:47:58]} 22. Nh5 {[%clk 0:18:41]} Ra6
{[%clk 0:46:52]} 23. f4 {[%clk 0:16:53]} Be8 {[%clk 0:45:53]} 24. fxg5
{[%clk 0:14:48]} Bxh5 {[%clk 0:39:46]} 25. Bxh5 {[%clk 0:15:08]} Bxg5
{[%clk 0:40:11]} 26. Rf3 {[%clk 0:14:03]} Bf6 {[%clk 0:40:24]} 27. Bxf6
{[%clk 0:07:49]} Rxf6 {[%clk 0:40:44]} 28. g4 {[%clk 0:07:26]} Ra7
{[%clk 0:34:10]} 29. gxf5 {[%clk 0:05:43]} exf5 {[%clk 0:34:04]} 30. Rg1+
{[%clk 0:03:59]} Rg7 {[%clk 0:34:12]} 31. Rxg7+ {[%clk 0:03:59]} Kxg7
{[%clk 0:34:37]} 32. Rf2 {[%clk 0:03:17]} Re6 {[%clk 0:34:59]} 33. Re2
{[%clk 0:02:03]} f4 {[%clk 0:35:12]} 34. Kg2 {[%clk 0:02:22]} Rxe3
{[%clk 0:35:15]} 35. Rf2 {[%clk 0:01:59]} Re1 {[%clk 0:34:49]} 36. Be8
{[%clk 0:01:33]} Rxe8 {[%clk 0:35:14]} 0-1

[Event "Eliminacje Miedzywojewodzkie MA-WM C13"]
[Site "Brok"]
[Date "2022.09.12"]
[Round "1.4"]
[White "Przybylski, Jan"]
[Black "Baranowski, Jan"]
[Result "1-0"]
[BlackElo "1216"]
[WhiteElo "1704"]
[LiveChessVersion "1.4.8"]

1. e4 {[%clk 1:30:57]} c5 {[%clk 1:30:56]} 2. Nf3 {[%clk 1:31:21]} Nc6
{[%clk 1:31:20]} 3. d4 {[%clk 1:31:44]} cxd4 {[%clk 1:31:47]} 4. Nxd4
{[%clk 1:32:02]} g6 {[%clk 1:32:09]} 5. Nc3 {[%clk 1:32:04]} Bg7 {[%clk 1:32:16]}
6. Be3 {[%clk 1:32:24]} Nf6 {[%clk 1:32:10]} 7. Bc4 {[%clk 1:29:57]} O-O
{[%clk 1:31:19]} 8. Bb3 {[%clk 1:30:03]} d6 {[%clk 1:29:09]} 9. f3
{[%clk 1:30:06]} Bd7 {[%clk 1:29:03]} 10. Qd2 {[%clk 1:30:17]} Rc8
{[%clk 1:28:53]} 11. O-O-O {[%clk 1:30:24]} Nxd4 {[%clk 1:29:12]} 12. Bxd4
{[%clk 1:30:40]} b5 {[%clk 1:29:40]} 13. h4 {[%clk 1:30:13]} a5 {[%clk 1:27:32]}
14. a3 {[%clk 1:10:46]} b4 {[%clk 1:20:46]} 15. axb4 {[%clk 0:47:51]} axb4
{[%clk 1:20:38]} 16. Nd5 {[%clk 0:44:35]} Nxd5 {[%clk 1:20:18]} 17. Bxg7
{[%clk 0:43:47]} Kxg7 {[%clk 1:20:33]} 18. exd5 {[%clk 0:43:42]} Qa5
{[%clk 1:16:43]} 19. Qd4+ {[%clk 0:42:58]} f6 {[%clk 1:11:32]} 20. Rhe1
{[%clk 0:33:55]} Kf7 {[%clk 1:09:04]} 21. Kd2 {[%clk 0:25:23]} Bf5
{[%clk 0:43:05]} 22. Ra1 {[%clk 0:24:13]} Qc5 {[%clk 0:29:23]} 23. Qxc5
{[%clk 0:23:41]} Rxc5 {[%clk 0:29:18]} 24. Ra7 {[%clk 0:23:12]} Rfc8
{[%clk 0:25:26]} 25. Rexe7+ {[%clk 0:20:55]} Kg8 {[%clk 0:23:12]} 26. Rg7+
{[%clk 0:19:19]} Kh8 {[%clk 0:22:02]} 27. Rxh7+ {[%clk 0:13:19]} Kg8
{[%clk 0:22:25]} 28. Rhg7+ {[%clk 0:11:58]} Kh8 {[%clk 0:22:39]} 29. Rh7+
{[%clk 0:05:31]} Kg8 {[%clk 0:23:05]} 30. Rag7+ {[%clk 0:05:45]} Kf8
{[%clk 0:23:25]} 31. Rb7 {[%clk 0:04:55]} Kg8 {[%clk 0:23:11]} 32. Rhg7+
{[%clk 0:04:04]} Kh8 {[%clk 0:23:20]} 33. Rgf7 {[%clk 0:03:50]} Bxc2
{[%clk 0:23:38]} 34. Rxb4 {[%clk 0:03:34]} Bxb3 {[%clk 0:23:17]} 35. Rxb3
{[%clk 0:04:02]} Rxd5+ {[%clk 0:23:20]} 36. Rd3 {[%clk 0:03:51]} Rxd3+
{[%clk 0:21:56]} 37. Kxd3 {[%clk 0:04:13]} f5 {[%clk 0:18:29]} 38. Rf6
{[%clk 0:04:28]} Kg7 {[%clk 0:16:30]} 39. Rxd6 {[%clk 0:04:13]} Rh8
{[%clk 0:16:26]} 40. Rd4 {[%clk 0:04:23]} Rc8 {[%clk 0:16:27]} 41. b4
{[%clk 0:04:16]} Rc1 {[%clk 0:16:23]} 42. b5 {[%clk 0:04:06]} Rb1
{[%clk 0:16:45]} 43. Kc4 {[%clk 0:04:20]} Rc1+ {[%clk 0:16:52]} 44. Kd5
{[%clk 0:04:38]} Rc2 {[%clk 0:16:49]} 45. b6 {[%clk 0:04:28]} Rxg2
{[%clk 0:17:04]} 46. Rb4 {[%clk 0:04:33]} 1-0

[Event "Eliminacje Miedzywojewodzkie MA-WM C13"]
[Site "Brok"]
[Date "2022.09.12"]
[Round "1.5"]
[White "Renn, Grzegorz"]
[Black "Nocek, Dominik"]
[Result "1/2-1/2"]
[BlackElo "1627"]
[WhiteElo "1203"]
[LiveChessVersion "1.4.8"]

1. e4 {[%clk 1:30:38]} e5 {[%clk 1:30:51]} 2. Nf3 {[%clk 1:31:03]} Nc6
{[%clk 1:31:15]} 3. Nc3 {[%clk 1:31:18]} Nf6 {[%clk 1:31:28]} 4. d4
{[%clk 1:31:42]} exd4 {[%clk 1:31:42]} 5. Nxd4 {[%clk 1:32:01]} Bb4
{[%clk 1:32:00]} 6. Nxc6 {[%clk 1:32:27]} bxc6 {[%clk 1:32:18]} 7. Bd3
{[%clk 1:32:53]} d5 {[%clk 1:32:30]} 8. exd5 {[%clk 1:33:21]} cxd5
{[%clk 1:32:42]} 9. O-O {[%clk 1:33:45]} O-O {[%clk 1:33:00]} 10. Bg5
{[%clk 1:34:13]} c6 {[%clk 1:33:13]} 11. Qf3 {[%clk 1:34:38]} Bd6
{[%clk 1:33:24]} 12. Bxf6 {[%clk 1:35:03]} Qxf6 {[%clk 1:33:43]} 13. Qxf6
{[%clk 1:35:30]} gxf6 {[%clk 1:34:04]} 14. Rad1 {[%clk 1:32:17]} Rb8
{[%clk 1:32:47]} 15. b3 {[%clk 1:32:40]} Bd7 {[%clk 1:24:35]} 16. h3
{[%clk 1:30:42]} Rfe8 {[%clk 1:11:21]} 17. Ne2 {[%clk 1:28:52]} c5
{[%clk 1:02:41]} 18. c4 {[%clk 1:26:38]} d4 {[%clk 1:01:03]} 19. Ng3
{[%clk 1:26:42]} Bxg3 {[%clk 1:00:10]} 20. fxg3 {[%clk 1:27:06]} Kg7
{[%clk 0:59:45]} 21. Rf3 a5 {[%clk 0:55:45]} 22. Rdf1 {[%clk 1:18:54]} Rb6
{[%clk 0:55:10]} 23. g4 {[%clk 1:14:08]} h6 {[%clk 0:54:08]} 24. R3f2
{[%clk 1:11:54]} Re3 {[%clk 0:48:36]} 25. Rd1 {[%clk 1:12:12]} a4
{[%clk 0:43:40]} 26. Bc2 {[%clk 1:07:55]} Rc3 {[%clk 0:34:44]} 27. Rfd2
{[%clk 1:03:56]} axb3 {[%clk 0:30:43]} 28. axb3 {[%clk 1:03:39]} Bc6
{[%clk 0:28:17]} 29. Kf2 {[%clk 1:01:36]} Rb8 {[%clk 0:24:03]} 30. Re1
{[%clk 0:57:04]} Ra8 {[%clk 0:20:28]} 31. Ree2 {[%clk 0:54:45]} Ra2
{[%clk 0:18:56]} 32. Bd1 {[%clk 0:54:53]} Ra1 {[%clk 0:14:14]} 33. Bc2
{[%clk 0:54:43]} Ra8 {[%clk 0:12:30]} 34. Rd3 {[%clk 0:53:22]} Rxd3
{[%clk 0:10:43]} 35. Bxd3 {[%clk 0:53:48]} Rb8 {[%clk 0:10:25]} 36. Rb2
{[%clk 0:53:08]} Kf8 {[%clk 0:09:47]} 37. g3 {[%clk 0:50:15]} Ke7
{[%clk 0:09:46]} 38. Re2+ {[%clk 0:50:39]} Kd6 {[%clk 0:09:29]} 39. Bc2
{[%clk 0:50:44]} Bd7 {[%clk 0:07:37]} 40. Ke1 {[%clk 0:50:13]} Be6
{[%clk 0:07:15]} 41. Kd2 {[%clk 0:50:11]} Kc7 {[%clk 0:06:47]} 42. Rf2
{[%clk 0:50:32]} Kd6 {[%clk 0:03:15]} 43. Rxf6 {[%clk 0:50:36]} Rh8
{[%clk 0:03:20]} 44. Rf2 {[%clk 0:50:15]} h5 {[%clk 0:02:34]} 45. g5
{[%clk 0:44:51]} h4 {[%clk 0:02:06]} 46. gxh4 {[%clk 0:43:38]} Rxh4
{[%clk 0:00:44]} 47. Bf5 {[%clk 0:43:46]} Rh5 {[%clk 0:00:45]} 48. Bxe6
{[%clk 0:41:44]} Kxe6 {[%clk 0:01:04]} 49. Rf6+ {[%clk 0:42:01]} Ke7 1/2-1/2

[Event "Eliminacje Miedzywojewodzkie MA-WM C13"]
[Site "Brok"]
[Date "2022.09.12"]
[Round "1.6"]
[White "Krogulski, Maksymilian"]
[Black "Fil, Grzegorz"]
[Result "1/2-1/2"]
[BlackElo "1122"]
[WhiteElo "1559"]
[LiveChessVersion "1.4.8"]

1. e4 {[%clk 1:31:00]} c5 {[%clk 1:30:52]} 2. Nf3 {[%clk 1:31:28]} Nc6
{[%clk 1:31:16]} 3. c3 {[%clk 1:31:52]} Nf6 {[%clk 1:31:37]} 4. Bd3
{[%clk 1:32:08]} e5 {[%clk 1:31:15]} 5. O-O {[%clk 1:32:33]} d6 {[%clk 1:29:58]}
6. Bc2 {[%clk 1:32:50]} Bg4 {[%clk 1:29:33]} 7. h3 {[%clk 1:33:10]} Bh5
{[%clk 1:28:21]} 8. Re1 {[%clk 1:32:35]} Qd7 {[%clk 1:25:58]} 9. Ba4
{[%clk 1:29:05]} a6 {[%clk 1:22:15]} 10. c4 {[%clk 1:28:41]} Be7 {[%clk 1:21:13]}
11. Nc3 {[%clk 1:27:47]} Rb8 {[%clk 1:19:33]} 12. d3 {[%clk 1:24:11]} O-O
{[%clk 1:19:06]} 13. Bg5 {[%clk 1:23:44]} Qc8 {[%clk 1:18:47]} 14. Bxf6
{[%clk 1:22:40]} Bxf3 {[%clk 1:16:42]} 15. Qxf3 {[%clk 1:21:33]} Nd4
{[%clk 1:16:51]} 16. Qg3 {[%clk 1:20:12]} Bxf6 {[%clk 1:16:41]} 17. Nd5
{[%clk 1:20:40]} Qd8 {[%clk 1:16:24]} 18. Nxf6+ {[%clk 1:11:34]} Qxf6
{[%clk 1:16:40]} 19. Bd1 {[%clk 1:11:22]} Qg6 {[%clk 1:14:37]} 20. h4
{[%clk 1:07:43]} Qxg3 {[%clk 1:13:34]} 21. fxg3 {[%clk 1:08:12]} f5
{[%clk 1:13:43]} 22. exf5 {[%clk 1:08:10]} Nxf5 {[%clk 1:12:57]} 23. Kh2
{[%clk 1:00:55]} Nd4 {[%clk 1:13:03]} 24. Kg1 {[%clk 0:57:31]} Nf5
{[%clk 1:13:11]} 25. Bf3 {[%clk 0:39:07]} Nxg3 {[%clk 1:12:22]} 26. Kh2
{[%clk 0:39:11]} Nf5 {[%clk 1:12:34]} 27. Bd5+ {[%clk 0:39:06]} Kh8
{[%clk 1:12:42]} 28. Rf1 {[%clk 0:38:55]} b6 {[%clk 1:12:11]} 29. Rf2
{[%clk 0:28:57]} Ne3 {[%clk 1:10:53]} 30. Rxf8+ {[%clk 0:26:11]} Rxf8
{[%clk 1:11:20]} 31. Be4 {[%clk 0:26:36]} Rf1 {[%clk 1:08:41]} 32. Rxf1
{[%clk 0:26:49]} Nxf1+ {[%clk 1:09:06]} 33. Kg1 {[%clk 0:27:13]} Ng3
{[%clk 1:09:18]} 34. Bb7 {[%clk 0:27:22]} a5 {[%clk 1:09:16]} 35. Kf2
{[%clk 0:27:41]} Nh5 {[%clk 1:07:13]} 36. Bf3 {[%clk 0:24:48]} Nf6
{[%clk 1:05:08]} 37. g4 {[%clk 0:23:16]} Ne8 {[%clk 1:03:22]} 38. Ke3
{[%clk 0:23:45]} Nc7 {[%clk 1:03:34]} 39. Ke4 {[%clk 0:21:40]} g6
{[%clk 1:03:46]} 40. a4 {[%clk 0:19:00]} Kg7 {[%clk 1:03:30]} 41. g5
{[%clk 0:19:08]} Kf7 {[%clk 1:02:56]} 42. Bg4 {[%clk 0:15:35]} Kg7
{[%clk 1:02:57]} 43. Bc8 {[%clk 0:14:36]} Kf8 {[%clk 1:03:03]} 44. Bg4
{[%clk 0:14:25]} Kg7 {[%clk 1:03:23]} 45. Bc8 {[%clk 0:13:15]} 1/2-1/2

[Event "Eliminacje Miedzywojewodzkie MA-WM C13"]
[Site "Brok"]
[Date "2022.09.12"]
[Round "1.7"]
[White "Roclawski, Jakub"]
[Black "Kowalski, Witold"]
[Result "0-1"]
[BlackElo "1525"]
[WhiteElo "1079"]
[LiveChessVersion "1.4.8"]

1. e4 c5 2. Nf3 d6 3. d4 cxd4 4. Nxd4 Nf6 5. Nc3 a6 6. Be3 e5 7. Nf3 Be7 8. Qd2
Nbd7 9. Bc4 Qc7 10. Bd5 Nb6 11. Bxb6 Qxb6 12. O-O O-O 13. h3 Bd7 14. Rfe1 Rac8
15. Re3 Bc6 16. Bxc6 Qxc6 17. Nh4 g6 18. Rg3 Nxe4 19. Nxe4 Bxh4 20. Rg4 Be7 21.
c3 f5 22. Rxg6+ hxg6 23. Qh6 d5 0-1

[Event "Eliminacje Miedzywojewodzkie MA-WM C13"]
[Site "Brok"]
[Date "2022.09.12"]
[Round "1.8"]
[White "Klim, Juliusz"]
[Black "Dunalski, Szymon"]
[Result "1-0"]
[BlackElo "1016"]
[WhiteElo "1471"]
[LiveChessVersion "1.4.8"]

1. e4 e5 2. Nf3 Nc6 3. Bc4 Bc5 4. c3 Nf6 5. d3 O-O 6. Bb3 d5 7. exd5 Nxd5 8. O-O
h6 9. Re1 Bg4 10. Nbd2 Re8 11. Ne4 Bb6 12. Bxh6 gxh6 13. Bxd5 Kg7 14. Bxf7 Kxf7
15. Nfg5+ Kg6 16. Qxg4 hxg5 17. h4 Qe7 18. Nxg5 Kh6 19. d4 Rg8 20. d5 Nd8 21. Kf1
Qf6 22. Qf3 Qxf3 23. Nxf3 Nf7 24. Nxe5 Nxe5 25. Rxe5 Raf8 26. f3 Rg6 27. Rae1 Bc5
28. R1e4 Bd6 29. Re6 Rxe6 30. dxe6 Re8 31. f4 Kg6 32. Kf2 Kf5 33. Kf3 Kf6 34. g4
Re7 35. f5 b6 36. Re1 a5 37. Ke4 Kg7 38. g5 Kh7 39. Kd5 1-0

[Event "Eliminacje Miedzywojewodzkie MA-WM C13"]
[Site "Brok"]
[Date "2022.09.12"]
[Round "2.1"]
[White "Bartodziej, Bartosz"]
[Black "Klim, Juliusz"]
[Result "1-0"]
[BlackElo "1471"]
[WhiteElo "1940"]
[LiveChessVersion "1.4.8"]

1. e4 {[%clk 1:30:55]} e5 {[%clk 1:30:55]} 2. Nf3 {[%clk 1:31:16]} Nc6
{[%clk 1:31:18]} 3. Bc4 {[%clk 1:31:42]} Bc5 {[%clk 1:31:41]} 4. c3
{[%clk 1:31:50]} Nf6 {[%clk 1:32:05]} 5. d3 {[%clk 1:32:10]} d6 {[%clk 1:32:33]}
6. Nbd2 {[%clk 1:32:29]} a6 {[%clk 1:32:54]} 7. Bb3 {[%clk 1:32:53]} Ba7
{[%clk 1:33:14]} 8. h3 {[%clk 1:32:56]} h6 {[%clk 1:33:37]} 9. Nf1
{[%clk 1:33:12]} Be6 {[%clk 1:33:51]} 10. Ng3 {[%clk 1:30:29]} Qd7
{[%clk 1:33:56]} 11. Bc2 {[%clk 1:26:47]} d5 {[%clk 1:27:51]} 12. exd5
{[%clk 1:24:56]} Nxd5 {[%clk 1:27:06]} 13. Qe2 {[%clk 1:14:53]} O-O-O
{[%clk 1:23:18]} 14. Be3 {[%clk 0:56:59]} Rhe8 {[%clk 1:09:34]} 15. O-O-O
{[%clk 0:44:08]} Nxe3 {[%clk 1:01:32]} 16. fxe3 {[%clk 0:44:33]} Qd5
{[%clk 0:55:46]} 17. Bb3 {[%clk 0:39:34]} Qc5 {[%clk 0:53:10]} 18. Bxe6+
{[%clk 0:38:40]} Rxe6 {[%clk 0:53:06]} 19. Rhe1 {[%clk 0:37:34]} Nb4
{[%clk 0:48:15]} 20. d4 {[%clk 0:23:00]} Nxa2+ {[%clk 0:40:17]} 21. Kc2
{[%clk 0:17:07]} exd4 {[%clk 0:30:37]} 22. Nxd4 {[%clk 0:16:28]} Rg6
{[%clk 0:24:33]} 23. Ndf5 {[%clk 0:06:33]} Nb4+ {[%clk 0:17:25]} 24. Kb1
{[%clk 0:07:01]} Nd5 {[%clk 0:16:06]} 25. Qd3 {[%clk 0:02:56]} Rb6
{[%clk 0:13:32]} 26. c4 {[%clk 0:02:01]} Qb4 {[%clk 0:11:20]} 27. Qc2
{[%clk 0:01:17]} Rc6 {[%clk 0:05:39]} 28. b3 {[%clk 0:00:37]} Nc3+
{[%clk 0:05:15]} 29. Qxc3 {[%clk 0:00:37]} Rxd1+ {[%clk 0:03:58]} 30. Rxd1
{[%clk 0:01:06]} Qa3 {[%clk 0:03:49]} 31. b4 {[%clk 0:00:35]} 1-0

[Event "Eliminacje Miedzywojewodzkie MA-WM C13"]
[Site "Brok"]
[Date "2022.09.12"]
[Round "2.2"]
[White "Kowalski, Witold"]
[Black "Terkiewicz, Bruno"]
[Result "1-0"]
[BlackElo "1846"]
[WhiteElo "1525"]
[LiveChessVersion "1.4.8"]

1. e4 {[%clk 1:30:57]} c5 {[%clk 1:29:47]} 2. Nf3 {[%clk 1:31:20]} d6
{[%clk 1:30:10]} 3. d4 {[%clk 1:31:38]} cxd4 {[%clk 1:30:35]} 4. Nxd4
{[%clk 1:32:03]} Nf6 {[%clk 1:30:56]} 5. Nc3 {[%clk 1:32:22]} a6 {[%clk 1:31:17]}
6. Bg5 {[%clk 1:31:10]} e6 {[%clk 1:31:19]} 7. f4 {[%clk 1:30:51]} h6
{[%clk 1:30:18]} 8. Bh4 {[%clk 1:30:50]} Be7 {[%clk 1:30:42]} 9. Qf3
{[%clk 1:29:49]} Qc7 {[%clk 1:31:03]} 10. O-O-O {[%clk 1:27:19]} Nbd7
{[%clk 1:30:57]} 11. Be2 {[%clk 1:26:32]} b5 {[%clk 1:29:30]} 12. Bxf6
{[%clk 1:26:10]} Nxf6 {[%clk 1:29:46]} 13. e5 {[%clk 1:17:51]} Bb7
{[%clk 1:29:36]} 14. Qg3 {[%clk 1:09:52]} dxe5 {[%clk 1:29:10]} 15. fxe5
{[%clk 1:06:50]} Nd5 {[%clk 1:29:03]} 16. Nxd5 {[%clk 0:52:21]} Bxd5
{[%clk 1:29:17]} 17. Kb1 {[%clk 0:52:04]} O-O-O {[%clk 1:28:34]} 18. Bf3
{[%clk 0:38:14]} g6 {[%clk 0:52:15]} 19. Nb3 {[%clk 0:21:42]} Bc4
{[%clk 0:46:47]} 20. Be4 {[%clk 0:13:36]} Rhe8 {[%clk 0:38:32]} 21. Bd3
{[%clk 0:08:46]} Bd5 {[%clk 0:36:45]} 22. Rhf1 {[%clk 0:08:38]} Bf8
{[%clk 0:36:34]} 23. Rde1 {[%clk 0:07:11]} Bg7 {[%clk 0:35:29]} 24. Re2
{[%clk 0:05:53]} Rd7 {[%clk 0:35:01]} 25. Qe3 {[%clk 0:04:52]} Bf8
{[%clk 0:29:14]} 26. g3 {[%clk 0:02:44]} Red8 {[%clk 0:29:10]} 27. h4
{[%clk 0:01:16]} Ba8 {[%clk 0:26:03]} 28. Ree1 {[%clk 0:00:52]} Rd5
{[%clk 0:24:20]} 29. Qf4 {[%clk 0:00:46]} R8d7 {[%clk 0:22:28]} 30. Be4
{[%clk 0:00:48]} g5 {[%clk 0:16:23]} 31. hxg5 {[%clk 0:00:49]} hxg5
{[%clk 0:16:47]} 32. Qf2 {[%clk 0:00:54]} Qxe5 {[%clk 0:15:59]} 33. Bxd5
{[%clk 0:00:51]} Qxd5 {[%clk 0:16:19]} 34. Qe2 {[%clk 0:00:47]} Bd6
{[%clk 0:15:03]} 35. Rd1 {[%clk 0:00:54]} Qb7 {[%clk 0:14:38]} 36. Qe3
{[%clk 0:01:00]} Qc7 {[%clk 0:08:30]} 37. Qxg5 {[%clk 0:00:57]} Be4
{[%clk 0:08:55]} 38. Rc1 {[%clk 0:00:40]} Bxg3 {[%clk 0:09:01]} 39. Nc5
{[%clk 0:00:44]} Bg2 {[%clk 0:04:39]} 40. Nxd7 {[%clk 0:01:02]} Bxf1
{[%clk 0:03:31]} 41. Rxf1 {[%clk 0:01:23]} Qxd7 {[%clk 0:03:57]} 42. Qxg3 1-0